K niektorým poznatkom z činnosti rozhodcovských komisií

Bibliographic Details
Main Author: -pu- (Author)
Format: Article
Language:Slovak
Subjects:

MARC

LEADER 00000nab a2200000 a 4500
001 vtls000066650
003 SK-MaSNL
005 20260303114550.0
008 111103c1980 xo 0 slo
015 |a SNBRB19rr/mm-uuuuu 
035 |a CL0076750 
040 |a SNKBUCL  |b slo  |c SNKBUCL  |e AACR2 
041 0 |a slo 
044 |a xo  |c SK 
080 |a 351.83  |2 1981 
080 |a 331.88(437)  |2 1981 
100 1 |a -pu-  |4 aut  |9 929302 
245 1 0 |a K niektorým poznatkom z činnosti rozhodcovských komisií  |c -pu- 
650 0 7 |a pracovné právo  |2 snkbucl  |9 982 
650 0 7 |a ROH ZV  |2 snkbucl  |9 1008231 
655 7 |a články z novín a časopisov  |2 snkbucl  |9 267496 
773 0 |t Odborár  |g Roč. 34, č. 15 (1980), s. 27 
850 |a Slovenská národná knižnica v Martine  |a MTA001 
852 |a SNK  |b KIS3GCP 
958 |a RK 
992 |a RBX 
999 |c 1898889  |d 1900819